000 00814nam a2200253 i 4500
003 DO-SdBNP
005 20251125073954.0
007 ta
008 251125b2023 dr ||||| |||| 00| 0 spa d
020 _a9789945937275
040 _aDO-SdBNP
_bspa
_cBNPHU
_erda
041 _aspa
082 4 _axxx
_bxxx
_222
245 1 0 _aGuía metodológica para la determinación del mercado relevante y la posición dominante
_b
264 4 _aSanto Domingo, República Dominicana :
_bComisión Nacional de Defensa de la Competencia,
_c©2023.
300 _a62 páginas ;
_c21 cm.
336 _atexto
_btxt
_2rdacontent
337 _asin mediación
_bn
_2rdamedia
338 _avolumen
_bnc
_2rdacarrier
504 _aBibliografía : página 60-62
590 _aInventariado, 2025/BT
910 _aBtavárez
942 _2ddc
_cLBS1
999 _c60062
_d60062